Miesiące, które mają 31 dni - nagła śmierć - Statystyki

Ogólne statystyki
  • Ten quiz został rozwiązany 55 razy
  • Średni wynik to 6 z 7
Answers on the Grid
Answers color-coded by a green-red scale on the quiz's grid according to % correct below.
styczeń
luty
marzec
kwiecień
maj
czerwiec
lipiec
sierpień
wrzesień
październik
listopad
grudzień
 
Statystyki odpowiedzi
Odpowiedź % Poprawnych
styczeń
100%
marzec
95%
maj
90%
lipiec
88%
grudzień
83%
październik
83%
sierpień
78%
Nie znaleziono quizów pasujących do podanych kryteriów
Rozkład punktacji
Procent ludzi z każdym wynikiem
Percentyl według liczby udzielonych odpowiedzi
Twoja historia wyników
Nie rozwiązałeś tego quizu